Boh na lyžiach

Gespeichert in:
Bibliographische Detailangaben
Format: Buch
Sprache:Slowakisch
Veröffentlicht: Bratislava Šport 1984
Tags: Tag hinzufügen
Keine Tags, Fügen Sie das erste Tag hinzu!

MARC

LEADER 00000nam a2200000 4500
001 c111613
005 20260122164839.9
041 0 |a slo 
044 |a SK 
245 1 0 |a Boh na lyžiach  |c Fedor Martiš 
264 1 |a Bratislava  |b Šport  |c 1984 
300 |a 101 s.